000 00622cam a2200217 a 4500
008
020 _a0495137189 (pbk.)
049 _aMAIN
090 _aQA303.2
_bTAN
100 1 _aTan, Soo T.
245 1 0 _aApplied calculus for the managerial, life, and social sciences /
_cSoo T. Tan.
260 _aBelmont, CA :
_bThomson/Brooks/Cole,
_cc2006.
300 _a46 p.:
_bill. ;
_c26 cm.
500 _aIncludes index.
650 0 _aCalculus.
907 _a.b10343635
_b27-06-14
_c25-06-14
003
005 20230123122057.0
040 _cNUST
942 _cBOOKS
_kQA303.2
_mTAN
999 _c127400
_d127400